MARC

LEADER 00000nam0a2200000 4500
001 297892
005 20231102001042.0
035 |a (RuTPU)RU\TPU\book\323027 
090 |a 297892 
100 |a 20150611d1984 km y0rusy50 ca 
101 0 |a rus 
102 |a RU 
105 |a y z 001zy 
200 1 |a Встречное планирование: теория и практика  |f Н. В. Радостовец 
210 |a Москва  |c Экономика  |d 1984 
215 |a 208 с. 
225 1 |a Социалистическое соревнование на современном этапе 
320 |a Библиогр.: с. 203-205 
606 1 |a Планирование  |x Методы  |x Программно-целевой метод  |x Системные методы и модели  |2 stltpush  |3 (RuTPU)RU\TPU\subj\36616  |9 57935 
610 1 |a встречное планирование 
610 1 |a теория 
610 1 |a практика 
610 1 |a развитие 
610 1 |a встречный план 
610 1 |a стимулирование 
686 |a У230.3  |v LBC/SL-A  |2 rubbk 
700 1 |a Радостовец  |b Н. В.  |g Николай Владимирович 
801 1 |a RU  |b 63413507  |c 20150611 
801 2 |a RU  |b 63413507  |c 20181030  |g RCR 
942 |c BK